000 00250nam a2200097Ia 4500
008 240331s9999 xx 000 0 und d
082 _bNUH
100 _aNuhman,M.A
245 0 _aSri Lanka muslims :
_bethnic identity within cultural diversity
942 _cL
999 _c4507
_d4507